000 00575nam a2200193Ia 4500
005 20260429112333.0
008 260429s9999||||xx |||||||||||||| ||und||
020 _a9788126710119
041 _aHindi
082 _a891.434
_bPRA
100 _aप्रसाद, कमला
245 0 _aपरसाई रचनावली /
_cकमला प्रसाद
250 _a8th ed.
260 _aनई दिल्ली :
_bराजकमल प्रकाशन,
_c2023.
300 _a500 p.; hb
440 _vVol. 6
650 _aHindi essays
942 _cTB
999 _c53572
_d53572